000 00294nam a22001217a 4500
008 230703b xxu||||| |||| 00| 0 eng d
082 _a352.4
_bCOTU
100 _cCOTU
245 _aProposals for the 2000/2001 National Budget
260 _bCOTU
_cJanuary 2000
300 _a16p
942 _2ddc
_cBK
999 _c3235
_d3235